| 000 | 00640nam a2200193Ia 4500 | ||
|---|---|---|---|
| 003 | IN-BaIIA | ||
| 008 | 211028s9999 xx 000 0 eng d | ||
| 020 | _a0-521-38773-6 | ||
| 040 | _cIIA Library | ||
| 080 |
_a524-48 _bLON-1 |
||
| 100 |
_aLongair, Malcolm S. _918616 |
||
| 245 | 0 |
_aHigh energy astrophysics _bvol.1, particles, photons and their detection _cMalcolm S. Longair |
|
| 250 | _a2nd ed. | ||
| 260 |
_aCambridge _bCambridge University Press _c1992 |
||
| 300 | _axvii,418p. | ||
| 650 | _aAstronomy and Astrophysics Thesaurus | ||
| 650 |
_aHigh Energy Astrophysics _95354 |
||
| 942 | _cBK | ||
| 999 |
_c10883 _d10883 |
||